|
|
|
|
| LEADER |
01009nam a2200241 a 4500 |
| 001 |
15445217 |
| 008 |
120806s2009 njua b 001 0 eng d |
| 010 |
|
|
|a 2008038853
|
| 020 |
|
|
|a 9780691132921 (hardcover : alk. paper)
|
| 020 |
|
|
|a 0691132925 (hardcover : alk. paper)
|
| 040 |
|
|
|a DLC
|c DLC
|d BTCTA
|d BAKER
|d YDXCP
|d UKM
|d C#P
|d BWX
|d CDX
|d DLC
|d BD-DhAAL
|
| 082 |
0 |
0 |
|a 338.9
|2 22
|
| 100 |
1 |
|
|a Acemoglu, Daron.
|
| 245 |
1 |
0 |
|a Introduction to modern economic growth /
|c Daron Acemoglu.
|
| 260 |
|
|
|a Princeton :
|b Princeton University Press,
|c c2009.
|
| 300 |
|
|
|a xviii, 990 p. :
|b ill. ;
|c 27 cm.
|
| 504 |
|
|
|a Includes bibliographical references (p. 949-970) and indexes.
|
| 541 |
|
|
|a 00025810
|
| 650 |
|
0 |
|a Economic development.
|
| 650 |
|
0 |
|a Macroeconomics.
|
| 852 |
1 |
|
|a Ayesha Abed Library
|j General shelf
|
| 999 |
|
|
|c 12734
|d 12734
|
| 952 |
|
|
|0 0
|1 0
|2 ddc
|4 0
|6 338_900000000000000_ACE
|7 0
|9 20990
|a IGS
|b IGS
|c GEN
|d 2012-08-06
|e Karim International
|g 7470.00
|l 1
|m 4
|o 338.9 ACE
|p 3010025810
|r 2014-06-09
|s 2012-12-19
|t 1
|w 2012-08-06
|y BK
|